000 01121cam a22002897a 4500
999 _c8267
_d8267
003 OSt
005 20201008162508.0
008 050104s2002 enka b 001 0 eng
010 _a 2005357033
020 _a0419234500
042 _alccopycat
082 0 4 _a690.22
_221
245 0 0 _aHazardous building materials :
_ba guide to the selection of environmentally responsible alternatives /
_cSteve Curwell ... [et al.].
250 _a2nd ed.
260 _aLondon ;
_aNew York :
_bSpon Press,
_c2002.
300 _a196 p. :
_bill. ;
_c30 cm.
500 _aPrevious ed.: 1986.
504 _aIncludes bibliographical references (p. 184-185) and index.
650 0 _aBuilding materials
_xSafety measures.
650 0 _aBuilding materials
_xEnvironmental aspects.
650 0 _aHazardous substances.
650 6 _aConstruction
_xMatériaux
_xIndustrie
_xSécurité
_xMesures.
700 1 _aCurwell, S. R.,
_d1950-
856 4 1 _3Table of contents only
_uhttp://www.loc.gov/catdir/toc/fy0708/2005357033.html
856 4 2 _3Publisher description
_uhttp://www.loc.gov/catdir/enhancements/fy0651/2005357033-d.html
942 _2ddc